General Knowledge #14 - Statistics

General Stats
  • This quiz has been taken 48 times
  • The average score is 8 of 20
Answer Stats
Question Answer % Correct
What colour jersey is worn by the winner of the Tour de France? Yellow
88%
Who invented the telephone? Alexander Graham Bell
86%
Where did the Olympic Games originate? Greece
83%
Rolex specializes in what type of product? Watches
76%
What two planets have no moons? Mercury
67%
Bronze is made of what two substances? Copper
64%
Venus
64%
A falchion is what kind of weapon? Sword
45%
Tin
40%
Liechtenstein
31%
What two countries are doubly landlocked? Uzbekistan
24%
What is the hardest known natural material? Diamonds
21%
Henry VIII died in what year? 1547
14%
Which country has the oldest continuously used national flag? Denmark
14%
A duel between three people is called a what? a Truel
12%
Bees have how many eyes? Five
12%
What was the destination of the missing flight MH370? Beijing
7%
What was the first toy to be advertised on TV? Mr Potato Head
2%
How long does it take food to pass through the human body? 53 hours
0%
How long ago were pigs first domesticated? 9,000 years
0%
No matching quizzes found
Score Distribution
Percent of People with Each Score
Percentile by Number Answered
Your Score History
You have not taken this quiz